Statistics for Sports Logos A-Z

Click here to take the quiz!

General Stats

  • This quiz has been taken 291 times
  • The average score is 18 of 25

Answer Stats

Answer% Correct
Colorado Avalanche
90%
Cleveland Cavaliers
89%
Boston Bruins
88%
Green Bay Packers
87%
Dallas Stars
85%
Los Angeles Rams
85%
Utah Jazz
85%
Tennessee Titans
83%
Houston Rockets
81%
Indiana Pacers
81%
Kansas City Chiefs
81%
Houston Astros
80%
New York Mets
78%
Washington Nationals
73%
Oklahoma
71%
Milwaukee Brewers
70%
Seattle Kraken
68%
BYU
64%
Indiana
64%
Utah State
62%
Villanova
62%
Xavier
61%
Florida
57%
Akron
35%
East Tennessee State
16%

Score Distribution

Percentile by Number Answered

Percent of People with Each Score

Your Score History

You have not taken this quiz